000 00606nam a2200181 i 4500
001 bgj
100 1 _aMACANDREW, Richard
245 1 0 _aCAE Study Pack :
_badvanced /
_cRichard MacAndrew.
260 _aOxford :
_bOxford University Press,
_c2002.
300 _a159 pp :
_bill., photos, drawings ;
_c30 cm.
650 9 _aEnglish language
_xStudy and teaching
_xForeign speakers |(Advanced)
_xForeign speakers |(CAE)
_xListening |(CAE)
_xListening |(Advanced)
020 _a0194379671
040 _cBPK
041 0 _aeng
920 _a0-19-437967-1
942 _cKS
008 s uk f |000 0 eng
999 _c48590
_d48590
856 _uhttp://koha.tu.koszalin.pl/cgi-bin/koha/opac-detail.pl?biblionumber=48590
_yKatalog online BPK